Making sense of climate change (Record no. 502)

MARC details
000 -LEADER
fixed length control field 00467 a2200169 4500
001 - CONTROL NUMBER
control field 066448
003 - CONTROL NUMBER IDENTIFIER
control field OSt
005 - DATE AND TIME OF LATEST TRANSACTION
control field 20210929100226.0
008 - FIXED-LENGTH DATA ELEMENTS--GENERAL INFORMATION
fixed length control field
082 ## - DEWEY DECIMAL CLASSIFICATION NUMBER
Classification number 551.6
Item number S21M
100 1# - MAIN ENTRY--PERSONAL NAME
Personal name Saikia, Ranjana
245 1# - TITLE STATEMENT
Title Making sense of climate change
Statement of responsibility, etc by Ranjana Saikia
260 ## - PUBLICATION, DISTRIBUTION, ETC. (IMPRINT)
Place of publication, distribution, etc New Delhi
Name of publisher, distributor, etc Terri Press
Date of publication, distribution, etc 2009
300 ## - PHYSICAL DESCRIPTION
Extent 55p.
690 ## - LOCAL SUBJECT ADDED ENTRY--TOPICAL TERM (OCLC, RLIN)
Topical term or geographic name as entry element Climatic changes; Climatic changes--Social aspects; Global warming
942 ## - ADDED ENTRY ELEMENTS (KOHA)
Source of classification or shelving scheme Dewey Decimal Classification
Koha item type Books
Holdings
Withdrawn status Lost status Source of classification or shelving scheme Damaged status Not for loan Collection code Home library Current library Date acquired Source of acquisition Cost, normal purchase price Total Checkouts Full call number Barcode Date last seen Date checked out Price effective from Koha item type
    Dewey Decimal Classification     General Text Book Central University Of Rajasthan Central University Of Rajasthan 07/03/2012 ECO 175.00 2 551.6 S21M 734 03/04/2025 21/03/2025 02/09/2020 Books